[Event "34th WCh U20 Girls"]
[Site "Bhubaneswar IND"]
[Date "2016.08.15"]
[Round "8.17"]
[White "Mendoza, Shania Mae"]
[Black "Lasya, Goli"]
[Result "1-0"]
[WhiteElo "2191"]
[BlackElo "2084"]
[EventDate "2016.08.08"]
[PlyCount "137"]

1.e4 c5 2.Nf3 d6 3.d4 cxd4 4.Nxd4 Nf6 5.Nc3 Nc6 6.h3 e5 7.Nde2 Be7 8.g4 
Be6 9.Bg2 Rc8 10.Be3 a6 11.a4 Nb4 12.g5 Nd7 13.Qd2 Nc5 14.O-O O-O 15.Ng3 
Qd7 16.Kh2 f6 17.gxf6 Rxf6 18.a5 Rff8 19.Rfd1 Qe8 20.Qe2 g6 21.Nd5 Nxd5 
22.exd5 Bd7 23.Ra3 Bh4 24.b4 Na4 25.c4 Bxg3+ 26.fxg3 Rf7 27.Rc1 Qf8 28.
Rca1 Qe8 29.Be4 Rb8 30.Bc2 b5 31.axb6 Nxb6 32.Be4 Nc8 33.Bd2 Qf8 34.Rf3 
Rxf3 35.Qxf3 Nb6 36.c5 Qxf3 37.Bxf3 Nc4 38.Be1 Bb5 39.c6 Ne3 40.Bd2 Nf1+ 
41.Rxf1 Bxf1 42.Bg4 Kf7 43.c7 Ra8 44.c8=Q Rxc8 45.Bxc8 Kf6 46.Be6 g5 47.
Kg1 Bc4 48.Kf2 h6 49.Kf3 Kg6 50.Be3 Kf6 51.Bb6 Ke7 52.h4 Bb3 53.Ke3 Ba4 
54.Bc8 Bb3 55.Bb7 Kd7 56.Kd3 Ke7 57.Ke3 Kd7 58.Kd3 Ke7 59.Bxa6 Bxd5 60.Bc8
Bg2 61.h5 d5 62.Bc7 Bf1+ 63.Kd2 Kf6 64.Bd8+ Kf7 65.Bf5 e4 66.Ke3 Ba6 67.
Bd7 Bb7 68.b5 g4 69.Bxg4 1-0

[Event "34th WCh U20 Girls"]
[Site "Bhubaneswar IND"]
[Date "2016.08.15"]
[Round "8.17"]
[White "Yanjinlkham, Bayarsaikhan"]
[Black "Priyanka, Nutakki"]
[Result "1/2-1/2"]
[WhiteElo "1990"]
[BlackElo "2234"]
[EventDate "2016.08.08"]
[PlyCount "96"]

1.d4 Nf6 2.c4 e6 3.g3 Bb4+ 4.Bd2 Bxd2+ 5.Nxd2 d5 6.Ngf3 O-O 7.Bg2 c6 8.O-O
b6 9.Re1 Bb7 10.Qc2 Nbd7 11.Rad1 Qe7 12.e4 Rfd8 13.e5 Ne8 14.Re3 c5 15.
cxd5 Bxd5 16.Ne4 cxd4 17.Neg5 Nf8 18.Rxd4 Ng6 19.h4 Rac8 20.Rc3 Rxc3 21.
bxc3 h6 22.Ne4 Rc8 23.h5 Nf8 24.Nfd2 Nd7 25.f4 Nc5 26.Kh2 Qc7 27.c4 Ba8 
28.Nb3 Bxe4 29.Bxe4 f6 30.Qe2 fxe5 31.fxe5 Nd7 32.Qg4 Nxe5 33.Qxe6+ Kh8 
34.Rd5 Nf6 35.Rxe5 Rf8 36.Kh3 Qb8 37.Nd4 Re8 38.Nc6 Rxe6 39.Rxe6 Qf8 40.
Ne5 Qc5 41.Ng6+ Kg8 42.Bd5 Kh7 43.Rc6 Qf2 44.Nf8+ Kh8 45.Ng6+ Kh7 46.Nf8+ 
Kh8 47.Ng6+ Kh7 48.Nf8+ Kh8 1/2-1/2

[Event "34th WCh U20 Girls"]
[Site "Bhubaneswar IND"]
[Date "2016.08.15"]
[Round "8.18"]
[White "Uuriintuya, Uurtsaikh"]
[Black "Hoare, Amy"]
[Result "1-0"]
[WhiteElo "2199"]
[BlackElo "2017"]
[EventDate "2016.08.08"]
[PlyCount "125"]

1.e4 e5 2.Nf3 Nc6 3.Bc4 Bc5 4.c3 Nf6 5.d3 O-O 6.Bb3 d5 7.Nbd2 a5 8.a4 Be6 
9.Qe2 Ba7 10.Bc2 d4 11.h3 Nh5 12.Nb3 Qd6 13.Ng5 Nf4 14.Bxf4 exf4 15.O-O h6
16.Nf3 Rad8 17.Rad1 Rfe8 18.Rfe1 Bxb3 19.Bxb3 Ne5 20.Nxe5 Rxe5 21.Qf3 Qf6 
22.Rc1 c6 23.Re2 Rg5 24.Kh1 Rd6 25.Bc4 Bb8 26.Rec2 Rd7 27.Rb1 Bd6 28.Ba2 
Bf8 29.Re1 Bd6 30.Rb1 Bf8 31.Bc4 Bd6 32.Re1 Kh8 33.Qe2 Qg6 34.Qf3 Qf6 35.
Ba2 Kg8 36.Qe2 Qg6 37.Rg1 Qf6 38.cxd4 Qxd4 39.Rc4 Qf6 40.d4 Qg6 41.Rcc1 
Re7 42.e5 Bb4 43.Bb1 Qe6 44.Qe4 g6 45.Qxf4 c5 46.Qe4 cxd4 47.f4 Rh5 48.Qd3
Qg4 49.Rgf1 Qd7 50.Rc4 Re8 51.Rxd4 Qc6 52.Kh2 Kh7 53.Qd1 Kg8 54.Be4 Qe6 
55.Bxb7 Bc5 56.Rd8 Kh7 57.Bc8 Qe7 58.Rxe8 Qxe8 59.Bg4 Rh4 60.g3 Rxg4 61.
hxg4 Be3 62.Qb3 Kg7 63.Qxe3 1-0

[Event "34th WCh U20 Girls"]
[Site "Bhubaneswar IND"]
[Date "2016.08.15"]
[Round "8.19"]
[White "Chandreyee, Hajra"]
[Black "Monnisha, Gajendra Babu Kannaiyan"]
[Result "1-0"]
[WhiteElo "1931"]
[BlackElo "2101"]
[EventDate "2016.08.08"]
[PlyCount "91"]

1.e4 e6 2.e5 c5 3.f4 Nc6 4.Nf3 d6 5.Bb5 Bd7 6.O-O Nxe5 7.Bxd7+ Nxd7 8.d4 
cxd4 9.Nxd4 Ngf6 10.Qe2 Be7 11.g4 Qb6 12.Be3 Nd5 13.Bf2 Bh4 14.Nxe6 Bxf2+ 
15.Rxf2 fxe6 16.Qxe6+ Ne7 17.Nc3 Nc5 18.Qc4 O-O-O 19.b4 Qc6 20.bxc5 dxc5 
21.Re1 Nd5 22.Re5 Nb6 23.Qxc5 Qxc5 24.Rxc5+ Kb8 25.Re5 Rc8 26.Ne4 Nc4 27.
Rc5 Rhe8 28.Rxc8+ Kxc8 29.Re2 Kc7 30.Kf2 h6 31.h4 b5 32.h5 Re6 33.Ng3 Ra6 
34.Nf5 g6 35.Nxh6 gxh5 36.g5 h4 37.f5 h3 38.Ng4 Nd6 39.f6 Ra4 40.Kg3 Ne4+ 
41.Kh4 Nd6 42.Kxh3 Ra3+ 43.Kg2 Kd7 44.g6 Nf5 45.Ne5+ Kc7 46.f7 1-0

[Event "34th WCh U20 Girls"]
[Site "Bhubaneswar IND"]
[Date "2016.08.15"]
[Round "8.20"]
[White "Divya Lakshmi, R."]
[Black "Leonardi, Caterina"]
[Result "1-0"]
[WhiteElo "1864"]
[BlackElo "2061"]
[EventDate "2016.08.08"]
[PlyCount "91"]

1.e4 d6 2.d4 Nf6 3.Nc3 g6 4.Be3 Bg7 5.Qd2 O-O 6.Bh6 Bxh6 7.Qxh6 c5 8.Nf3 
cxd4 9.Nxd4 Nc6 10.O-O-O Qb6 11.Qd2 a6 12.f3 Qc7 13.g4 Nxd4 14.Qxd4 Be6 
15.h4 h5 16.gxh5 Nxh5 17.Bh3 Bxh3 18.Rxh3 Rfc8 19.Qd2 Qd7 20.Rh2 b5 21.f4 
Qg4 22.Nd5 Ra7 23.Qf2 Rb7 24.Rg2 Qe6 25.Qf3 Nf6 26.f5 Qe5 27.fxg6 fxg6 28.
Rxg6+ Kf7 29.Rdg1 Rbc7 30.Rg7+ Ke8 31.Nxc7+ Rxc7 32.Qf5 Qxf5 33.exf5 Rc4 
34.Re1 Nd5 35.f6 e5 36.Rf1 Rf4 37.Rxf4 exf4 38.Rg5 Nxf6 39.Rf5 Kf7 40.Rxf4
Kg6 41.Kd2 d5 42.Kd3 Nh5 43.Rg4+ Kf6 44.Kd4 Ke6 45.Rg6+ Ke7 46.Rxa6 1-0

[Event "34th WCh U20 Girls"]
[Site "Bhubaneswar IND"]
[Date "2016.08.15"]
[Round "8.21"]
[White "Ayinala, Shree"]
[Black "Bala Kannamma, P."]
[Result "0-1"]
[WhiteElo "1464"]
[BlackElo "2039"]
[EventDate "2016.08.08"]
[PlyCount "66"]

1.c4 e6 2.g3 d5 3.Bg2 c6 4.b3 dxc4 5.bxc4 Qd4 6.Nc3 Qxc4 7.Nf3 Nd7 8.O-O 
Ngf6 9.Bb2 Qb4 10.Rb1 Qa5 11.Qc2 Be7 12.d3 O-O 13.Nd2 Qd8 14.Nce4 h6 15.
Nxf6+ Nxf6 16.Ne4 Nxe4 17.dxe4 Qa5 18.Kh1 e5 19.e3 Qxa2 20.Qc3 Bf6 21.f4 
Re8 22.f5 Qa6 23.Ba3 b5 24.Rfd1 Qb7 25.Bb4 c5 26.Bxc5 Bd7 27.Kg1 a5 28.Bf1
b4 29.Qb3 Bc6 30.Ra1 Bxe4 31.Bc4 Rec8 32.Bd5 Bxd5 33.Rxd5 a4 0-1

[Event "34th WCh U20 Girls"]
[Site "Bhubaneswar IND"]
[Date "2016.08.15"]
[Round "8.22"]
[White "Santeramo, Alessia"]
[Black "Du Yuxin"]
[Result "1/2-1/2"]
[WhiteElo "2137"]
[BlackElo "1957"]
[EventDate "2016.08.08"]
[PlyCount "103"]

1.e4 c6 2.d4 d5 3.Nc3 dxe4 4.Nxe4 Bf5 5.Nc5 e5 6.Nxb7 Qb6 7.Nc5 exd4 8.Na4
Qb4+ 9.c3 Qe7+ 10.Qe2 c5 11.Nf3 Bd7 12.b3 Bxa4 13.bxa4 dxc3 14.Qxe7+ Bxe7 
15.Bb5+ Kf8 16.Be3 a6 17.Bc4 Nc6 18.O-O-O Nf6 19.Rhe1 Ng4 20.Rd7 Rd8 21.
Rxd8+ Nxd8 22.Bxa6 Nxe3 23.Rxe3 Bf6 24.Bc4 Ne6 25.Kc2 Ke7 26.Ne5 Ra8 27.
Nxf7 Kxf7 28.Bxe6+ Kf8 29.Bd7 Rd8 30.Rd3 Bd4 31.Bb5 Rb8 32.Rd1 Ke7 33.Rb1 
Ra8 34.f4 Kd6 35.Re1 h6 36.f5 Rf8 37.a5 Rxf5 38.a6 Rf2+ 39.Re2 Rxe2+ 40.
Bxe2 Kc7 41.a4 Kb6 42.Bb5 g5 43.h3 h5 44.Be2 h4 45.Bb5 Bf6 46.Bd3 Bd4 47.
Kb3 Be5 48.Kc2 Bd4 49.Kd1 Be5 50.Kc2 Bd4 51.Kd1 Be5 52.Kc2 1/2-1/2

[Event "34th WCh U20 Girls"]
[Site "Bhubaneswar IND"]
[Date "2016.08.15"]
[Round "8.23"]
[White "Sapale, Saloni"]
[Black "Hiebler, Laura"]
[Result "0-1"]
[WhiteElo "2080"]
[BlackElo "2110"]
[EventDate "2016.08.08"]
[PlyCount "48"]

1.e4 e6 2.d4 d5 3.Nc3 Nf6 4.e5 Nfd7 5.f4 c5 6.Nf3 Be7 7.Be3 O-O 8.Qd2 b6 
9.O-O-O Nc6 10.Be2 c4 11.Rdf1 b5 12.Kd1 b4 13.Nb1 Qa5 14.Ke1 Qxa2 15.Qc1 
a5 16.Kf2 Ba6 17.Re1 a4 18.Bd2 Rfb8 19.Kg3 a3 20.bxa3 c3 21.Be3 Bxe2 22.
Rxe2 Qc4 23.Qe1 bxa3 24.Nxc3 a2 0-1

[Event "34th WCh U20 Girls"]
[Site "Bhubaneswar IND"]
[Date "2016.08.15"]
[Round "8.24"]
[White "Thomas, Anysia"]
[Black "Choladze, Mariami"]
[Result "1-0"]
[WhiteElo "2049"]
[BlackElo "2077"]
[EventDate "2016.08.08"]
[PlyCount "56"]

1.d4 Nf6 2.c4 e6 3.Nf3 d5 4.g3 dxc4 5.Bg2 Bd7 6.Ne5 Nc6 7.Nxc4 Bb4+ 8.Bd2 
Qe7 9.O-O O-O 10.a3 Bxd2 11.Qxd2 Rad8 12.Nc3 Be8 13.e3 e5 14.d5 b5 15.Qc2 
bxc4 16.dxc6 Qe6 17.Qa4 e4 18.Qxa7 Qxc6 19.Qa5 Bd7 20.Ne2 Bg4 21.Nd4 Qb7 
22.h3 Bf3 23.Rab1 Bxg2 24.Kxg2 Rd5 25.Qc3 Nd7 26.Qxc4 Ne5 27.Qb3 Qc8 28.
Qxd5 Qa8 1-0

[Event "34th WCh U20 Girls"]
[Site "Bhubaneswar IND"]
[Date "2016.08.15"]
[Round "8.25"]
[White "Gamage, Nethmi Nirasha"]
[Black "Gomez Barrera, Javiera Belen"]
[Result "0-1"]
[WhiteElo "1559"]
[BlackElo "2055"]
[EventDate "2016.08.08"]
[PlyCount "88"]

1.d4 Nf6 2.c4 g6 3.Nc3 Bg7 4.e4 d6 5.Nf3 O-O 6.Be2 e5 7.d5 Nbd7 8.Bg5 h6 
9.Bh4 g5 10.Bg3 Nxe4 11.Nxe4 f5 12.Bd3 fxe4 13.Bxe4 Nc5 14.Bc2 Bg4 15.h3 
Bh5 16.Qd2 Qf6 17.Nh2 e4 18.O-O Qxb2 19.Rab1 Qxa2 20.f4 Qxc4 21.Rb4 Qc3 
22.Qxc3 Bxc3 23.Rbb1 Be2 24.fxg5 Bxf1 25.Nxf1 hxg5 26.Bf2 Rae8 27.Be3 Rf5 
28.Bb3 b6 29.Ng3 Rf7 30.Bc4 Be5 31.Ne2 Bf4 32.Bxc5 bxc5 33.Ra1 Rb8 34.Rxa7
Rb1+ 35.Kf2 Rb4 36.Ba2 Be5+ 37.Ke3 Bd4+ 38.Nxd4 Rxd4 39.Bb1 Rf1 40.Rb7 Rb4
41.Rxb4 cxb4 42.Bc2 Rc1 43.Kd2 Rxc2+ 44.Kxc2 e3 0-1

[Event "34th WCh U20 Girls"]
[Site "Bhubaneswar IND"]
[Date "2016.08.15"]
[Round "8.26"]
[White "Albekova, Dilyara"]
[Black "Kakulidis, Ellen"]
[Result "1-0"]
[WhiteElo "1732"]
[BlackElo "1989"]
[EventDate "2016.08.08"]
[PlyCount "69"]

1.e4 e6 2.d4 d5 3.Nd2 Nc6 4.c3 e5 5.Bb5 exd4 6.Bxc6+ bxc6 7.cxd4 Nf6 8.Qc2
Bb7 9.Ne2 Be7 10.O-O O-O 11.e5 Nd7 12.Nb3 c5 13.dxc5 Nxe5 14.Na5 Ba6 15.
Rd1 c6 16.b4 Qd7 17.Nd4 Bd8 18.Nab3 Rb8 19.Qc3 Re8 20.Bb2 Bf6 21.Na5 Bb7 
22.a4 a6 23.Rab1 Ba8 24.Ba1 Ng6 25.b5 axb5 26.axb5 cxb5 27.c6 Qc8 28.c7 
Rb6 29.Qc5 Ra6 30.Rxb5 Be7 31.Qc3 Qd7 32.Rb8 Rc8 33.Rxc8+ Qxc8 34.Rb1 Bb7 
35.Rxb7 1-0

[Event "34th WCh U20 Girls"]
[Site "Bhubaneswar IND"]
[Date "2016.08.15"]
[Round "8.27"]
[White "Vantika, Agrawal"]
[Black "Barbier, Astrid"]
[Result "1-0"]
[WhiteElo "1974"]
[BlackElo "1853"]
[EventDate "2016.08.08"]
[PlyCount "99"]

1.d4 Nf6 2.Nf3 e6 3.c4 Bb4+ 4.Bd2 Qe7 5.g3 Nc6 6.Nc3 Bxc3 7.Bxc3 Ne4 8.Rc1
O-O 9.Bg2 d6 10.d5 Nxc3 11.Rxc3 Nb8 12.dxe6 fxe6 13.Nd4 c6 14.O-O Nd7 15.
b4 Nf6 16.Nc2 e5 17.Ne3 Be6 18.Rd3 Rad8 19.b5 Qc7 20.Qb3 Rd7 21.Rfd1 Rfd8 
22.a4 e4 23.Rd4 d5 24.cxd5 cxd5 25.f3 Bf7 26.Bh3 Re7 27.f4 Qb6 28.g4 Ree8 
29.Qb4 Qc7 30.Rf1 b6 31.Qd2 Kh8 32.g5 Ng8 33.Ng4 Ne7 34.Ne5 Bg8 35.e3 Rd6 
36.Rc1 Qb8 37.Qc3 h6 38.gxh6 Rxh6 39.Bd7 Rf8 40.Qc7 Qxc7 41.Rxc7 Nf5 42.
Bxf5 Rxf5 43.Rd2 d4 44.Rxd4 Rfh5 45.Rd8 Rxh2 46.Nf7+ Kh7 47.Nxh6 Rxh6 48.
Rcc8 Bb3 49.f5 g6 50.Rd7+ 1-0

[Event "34th WCh U20 Girls"]
[Site "Bhubaneswar IND"]
[Date "2016.08.15"]
[Round "8.28"]
[White "Minaud, Emily"]
[Black "Omurbekova, Diana"]
[Result "1-0"]
[WhiteElo "1721"]
[BlackElo "1886"]
[EventDate "2016.08.08"]
[PlyCount "103"]

1.e4 g6 2.d4 Bg7 3.Nc3 d6 4.Nf3 Bg4 5.Be2 Nc6 6.Be3 e5 7.d5 Nce7 8.Nd2 
Bxe2 9.Qxe2 Qd7 10.f3 f5 11.g3 Nf6 12.O-O-O a6 13.a4 O-O 14.h4 b5 15.axb5 
axb5 16.Qxb5 Ra1+ 17.Ndb1 fxe4 18.Qxd7 Nxd7 19.fxe4 Nf6 20.Bg5 Raa8 21.Nb5
Rac8 22.N1c3 h6 23.Bd2 Ne8 24.Rdf1 Ra8 25.Kb1 Rb8 26.Rxf8+ Bxf8 27.Rf1 c6 
28.dxc6 Nxc6 29.Kc1 Kg7 30.Bxh6+ Kxh6 31.Rxf8 Kg7 32.Rf2 Nd8 33.Na3 Nf6 
34.Nc4 Nb7 35.Rd2 Rd8 36.Kd1 Nh5 37.g4 Nf4 38.Nb5 Ra8 39.Nba3 Rd8 40.c3 
Kf6 41.Nb5 Nc5 42.Rxd6+ Rxd6+ 43.Nbxd6 Ke6 44.b4 Nd7 45.b5 Nc5 46.b6 Kd7 
47.b7 Kc7 48.Nxe5 Na6 49.Nef7 Nb8 50.Kd2 Kd7 51.c4 Ke6 52.Kc3 1-0

[Event "34th WCh U20 Girls"]
[Site "Bhubaneswar IND"]
[Date "2016.08.17"]
[Round "9.1"]
[White "Dordzhieva, Dinara"]
[Black "Bivol, Alina"]
[Result "0-1"]
[WhiteElo "2304"]
[BlackElo "2362"]
[EventDate "2016.08.08"]
[PlyCount "72"]

1.c4 Nf6 2.g3 c6 3.Bg2 d5 4.Nf3 dxc4 5.O-O b5 6.a4 Bb7 7.d3 cxd3 8.Ne5 b4 
9.Nxd3 e6 10.Qc2 Be7 11.Nd2 O-O 12.Nc4 Qc8 13.Na5 Qc7 14.Nxb7 Qxb7 15.a5 
Rc8 16.Bd2 Nd5 17.Qc4 Nd7 18.e4 N5f6 19.Nxb4 Ne5 20.Qc3 Rd8 21.Ra4 Rab8 
22.Qxe5 Rxd2 23.Nxc6 Rc8 24.Nxe7+ Qxe7 25.Qb5 Qc7 26.Rb4 Qc2 27.Qb7 Rd7 
28.Qb5 Rd2 29.Qb7 Rd7 30.Qa6 Ng4 31.h3 Ne5 32.Qb5 f6 33.f4 Rd2 34.Bf3 
Nxf3+ 35.Rxf3 Rg2+ 36.Kf1 Rh2 0-1

[Event "34th WCh U20 Girls"]
[Site "Bhubaneswar IND"]
[Date "2016.08.17"]
[Round "9.2"]
[White "Saduakasova, Dinara"]
[Black "Frayna, Janelle Mae"]
[Result "1/2-1/2"]
[WhiteElo "2423"]
[BlackElo "2292"]
[EventDate "2016.08.08"]
[PlyCount "92"]

1.d4 d5 2.c4 dxc4 3.Nf3 Nf6 4.e3 e6 5.Bxc4 c5 6.O-O a6 7.Nc3 Nc6 8.dxc5 
Bxc5 9.Qxd8+ Kxd8 10.Ng5 b5 11.Be2 Ke7 12.a4 b4 13.Nce4 Nxe4 14.Nxe4 Bb6 
15.Bd2 a5 16.Rfc1 Ne5 17.f4 Nd7 18.Rd1 Bb7 19.Bf3 f5 20.Ng5 Bxf3 21.Nxf3 
Rac8 22.Nd4 Bxd4 23.exd4 Rc2 24.d5 exd5 25.Be3 Kd6 26.Rd3 Nc5 27.Bxc5+ 
Kxc5 28.Re1 Kc4 29.Rg3 g6 30.b3+ Kd4 31.Rd1+ Kc5 32.Re3 Rd8 33.Kf1 Rd7 34.
Rdd3 Kd6 35.Re8 Rb2 36.Rc8 Ke6 37.Rc5 d4 38.Rxa5 Rd5 39.Ra6+ Kd7 40.Ra7+ 
Kc8 41.Re7 Rc5 42.Re2 Rb1+ 43.Kf2 Rc3 44.Rxd4 Rbxb3 45.Red2 Kb7 46.Rd7+ 
Rc7 1/2-1/2

[Event "34th WCh U20 Girls"]
[Site "Bhubaneswar IND"]
[Date "2016.08.17"]
[Round "9.3"]
[White "Michelle Catherina"]
[Black "Nandhidhaa, Venkatachalam"]
[Result "1-0"]
[WhiteElo "2205"]
[BlackElo "2151"]
[EventDate "2016.08.08"]
[PlyCount "97"]

1.e4 c5 2.Nf3 e6 3.d4 cxd4 4.Nxd4 Nc6 5.Nc3 Qc7 6.Be3 a6 7.Be2 Nf6 8.O-O 
Be7 9.f4 d6 10.a4 O-O 11.Kh1 Bd7 12.Nb3 b6 13.Bf3 Rfe8 14.g4 Bc8 15.g5 Nd7
16.Bg2 Bb7 17.Rf3 g6 18.Rh3 Bf8 19.Qe1 Bg7 20.Qh4 Nf8 21.Qf2 Nd7 22.f5 
Bxc3 23.bxc3 exf5 24.Qh4 Nf8 25.exf5 Ne5 26.Rf1 Bxg2+ 27.Kxg2 Qxc3 28.Nd4 
Qc4 29.Kg1 Rac8 30.Rf4 Qc3 31.Bc1 Qa1 32.Rf1 Rc4 33.Be3 Qxa4 34.fxg6 Nexg6
35.Qf2 Qd7 36.Nf5 Re6 37.Nh6+ Kg7 38.Bd4+ Ne5 39.Bxe5+ dxe5 40.Qxf7+ Qxf7 
41.Rxf7+ Kg6 42.Rxf8 Kxg5 43.Nf7+ Kg6 44.Rg3+ Kh5 45.Rh8 h6 46.Nxh6 Rxh6 
47.Rh3+ Kg4 48.R3xh6 Rxc2 49.Rf8 1-0

[Event "34th WCh U20 Girls"]
[Site "Bhubaneswar IND"]
[Date "2016.08.17"]
[Round "9.4"]
[White "Buksa, Natalia"]
[Black "Mahalakshmi, Muganda Kumar"]
[Result "1/2-1/2"]
[WhiteElo "2261"]
[BlackElo "2101"]
[EventDate "2016.08.08"]
[PlyCount "144"]

1.e4 e6 2.d4 d5 3.Nc3 Nc6 4.e5 f6 5.Nf3 fxe5 6.Nxe5 Nf6 7.Bg5 Bd6 8.Bb5 
O-O 9.Nf3 Qe8 10.Qe2 Qh5 11.O-O-O Ne4 12.Be3 Nxc3 13.bxc3 a6 14.Bd3 b5 15.
Rde1 b4 16.c4 dxc4 17.Bxc4 Na5 18.Ng5 Qxe2 19.Bxe2 h6 20.Ne4 Bb7 21.f3 Bd5
22.Kb2 Nc4+ 23.Bxc4 Bxc4 24.Bf2 a5 25.Bg3 Ra6 26.Nc5 Bxc5 27.dxc5 Rc6 28.
Bf2 Ra6 29.Rd1 Bd5 30.Rd4 Raa8 31.Bg3 Rac8 32.a3 bxa3+ 33.Kxa3 Bc6 34.Rhd1
Rf5 35.Rd8+ Rxd8 36.Rxd8+ Kf7 37.Rc8 Rxc5 38.Rxc7+ Kf6 39.Kb2 Rb5+ 40.Ka3 
Rc5 41.Kb2 e5 42.Be1 g6 43.Bf2 Rc4 44.Kb3 Rb4+ 45.Kc3 Be8 46.Ra7 Rb5 47.
Ra6+ Kf7 48.Be3 h5 49.h4 Bd7 50.g3 Rd5 51.Kc4 Be6 52.Kc3 Bd7 53.Kc4 Be6 
54.Ra7+ Rd7+ 55.Kb5 Rxa7 56.Bxa7 Bd5 57.f4 exf4 58.gxf4 Ke6 59.c4 Be4 60.
Bb6 Kd7 61.Bxa5 Kc8 62.Bc3 Bd3 63.Kc5 Bc2 64.Kd6 Bb1 65.c5 Bd3 66.c6 Bc2 
67.Be5 Be4 68.c7 Bd3 69.Ke7 Bc2 70.Kf6 Bb1 71.Kg5 Bc2 72.f5 Bxf5 1/2-1/2

[Event "34th WCh U20 Girls"]
[Site "Bhubaneswar IND"]
[Date "2016.08.17"]
[Round "9.5"]
[White "Blagojevic, Tijana"]
[Black "Rodriguez Rueda, Paula Andrea"]
[Result "0-1"]
[WhiteElo "2267"]
[BlackElo "2321"]
[EventDate "2016.08.08"]
[PlyCount "80"]

1.e4 c5 2.Nf3 e6 3.c4 Nc6 4.d4 cxd4 5.Nxd4 Nf6 6.Nc3 Bb4 7.Nxc6 bxc6 8.Bd3
e5 9.O-O O-O 10.Be3 d6 11.Na4 Ba5 12.a3 Bc7 13.Rc1 h6 14.b4 Be6 15.h3 Qe7 
16.Qe2 Rfd8 17.Rfd1 Qe8 18.Rd2 Nd7 19.c5 d5 20.exd5 cxd5 21.c6 Nb6 22.Bxb6
axb6 23.Ba6 e4 24.Nxb6 Bxb6 25.c7 Rd6 26.Bb7 Rc8 27.Bxc8 Bxc8 28.Kh1 d4 
29.a4 d3 30.Qe1 Qe7 31.Rc4 f5 32.a5 Bxc7 33.Qc1 Rd7 34.Rc5 Qd6 35.Qc4+ Kh8
36.g3 e3 37.Rxd3 Qxd3 38.Qxd3 Rxd3 39.fxe3 Bb7+ 40.Kg1 Bxg3 0-1

[Event "34th WCh U20 Girls"]
[Site "Bhubaneswar IND"]
[Date "2016.08.17"]
[Round "9.6"]
[White "Harshita, Guddanti"]
[Black "Tokhiryonova, Gulrukhbegim"]
[Result "0-1"]
[WhiteElo "2180"]
[BlackElo "2328"]
[EventDate "2016.08.08"]
[PlyCount "68"]

1.e4 e5 2.Nf3 Nc6 3.Bb5 a6 4.Ba4 Nf6 5.O-O Be7 6.d3 b5 7.Bb3 O-O 8.a4 b4 
9.a5 Bc5 10.Ba4 Qe7 11.Bxc6 dxc6 12.h3 Rd8 13.Bg5 h6 14.Bh4 g5 15.Nxg5 
hxg5 16.Bxg5 Qe6 17.Qf3 Be7 18.Qg3 Nh5 19.Qh4 f6 20.Be3 Qf7 21.g4 Nf4 22.
Bxf4 exf4 23.Qh6 Qh7 24.Qxh7+ Kxh7 25.Kg2 b3 26.cxb3 Rxd3 27.Rc1 Rxb3 28.
Rxc6 Bd6 29.Rc2 f3+ 30.Kg1 Rab8 31.Ra2 Be6 32.Nd2 Rd3 33.Ra1 Be5 34.Ra3 
Bb3 0-1

[Event "34th WCh U20 Girls"]
[Site "Bhubaneswar IND"]
[Date "2016.08.17"]
[Round "9.7"]
[White "Vaishali, Ramesh Babu"]
[Black "Srija, Seshadri"]
[Result "1-0"]
[WhiteElo "2284"]
[BlackElo "2102"]
[EventDate "2016.08.08"]
[PlyCount "71"]

1.e4 e5 2.Nf3 Nc6 3.Bb5 a6 4.Ba4 Nf6 5.O-O b5 6.Bb3 Bc5 7.c3 d6 8.a4 Rb8 
9.d4 Bb6 10.a5 Ba7 11.Be3 Ra8 12.dxe5 Nxe5 13.Nxe5 dxe5 14.Qxd8+ Kxd8 15.
Bxf7 Bxe3 16.fxe3 Bb7 17.Nd2 Ke7 18.Bb3 Rad8 19.Rad1 Rd3 20.Bc2 Rxe3 21.
Rxf6 gxf6 22.Kf2 Rg8 23.g3 Rxc3 24.bxc3 Rd8 25.Nb3 Rxd1 26.Bxd1 Kd6 27.Ke3
c5 28.Bg4 Kc6 29.Bf5 h6 30.Nc1 c4 31.Na2 Kd6 32.Nb4 Kc5 33.Kf3 h5 34.g4 h4
35.Kg2 Kd6 36.Kh3 1-0

[Event "34th WCh U20 Girls"]
[Site "Bhubaneswar IND"]
[Date "2016.08.17"]
[Round "9.8"]
[White "Salonika, Saina"]
[Black "Injac, Teodora"]
[Result "1/2-1/2"]
[WhiteElo "2131"]
[BlackElo "2252"]
[EventDate "2016.08.08"]
[PlyCount "151"]

1.e4 e6 2.d4 d5 3.Nc3 Nf6 4.Bg5 dxe4 5.Nxe4 Be7 6.Bxf6 gxf6 7.Nf3 f5 8.Nc3
a6 9.g3 b5 10.Bg2 Bb7 11.O-O O-O 12.Ne5 Bxg2 13.Kxg2 b4 14.Na4 Qd5+ 15.Qf3
Qxf3+ 16.Kxf3 Bd6 17.Kg2 Rd8 18.Rad1 Nd7 19.Nxd7 Rxd7 20.f4 Rad8 21.c3 Be7
22.Rc1 Rd5 23.cxb4 Bxb4 24.Rxc7 Rxd4 25.Rc2 Kg7 26.Nb6 h5 27.b3 a5 28.Re2 
h4 29.Nc4 hxg3 30.hxg3 a4 31.Ne5 Rc8 32.bxa4 Bd6 33.Nf3 Rxa4 34.Rd1 Ra6 
35.Rd3 Rca8 36.Rdd2 Be7 37.Ne5 Bf6 38.Rb2 R8a7 39.Kf3 Ra3+ 40.Kf2 Bxe5 41.
Rxe5 Rxa2 42.Rb5 Kg6 43.Rxa2 Rxa2+ 44.Kf3 Ra3+ 45.Kg2 Rc3 46.Rb6 Kh5 47.
Rb8 Kg6 48.Rb6 Rc8 49.Kf3 Kh5 50.Rb3 f6 51.Rb6 Rc3+ 52.Kf2 Kg4 53.Rxe6 
Rf3+ 54.Ke2 Rxg3 55.Rxf6 Kxf4 56.Ra6 Rg2+ 57.Kf1 Rb2 58.Ra4+ Kf3 59.Ra3+ 
Kg4 60.Ra4+ f4 61.Ra3 Rc2 62.Rb3 Kf5 63.Ra3 Rc5 64.Kf2 Kg4 65.Rb3 Rc4 66.
Ra3 f3 67.Ra8 Rc2+ 68.Kf1 Rc5 69.Rg8+ Kf4 70.Rf8+ Ke3 71.Re8+ Kf4 72.Rf8+ 
Rf5 73.Rxf5+ Kxf5 74.Kf2 Kf4 75.Kf1 Kg3 76.Kg1 1/2-1/2

[Event "34th WCh U20 Girls"]
[Site "Bhubaneswar IND"]
[Date "2016.08.17"]
[Round "9.9"]
[White "Gu Tianlu"]
[Black "Priyanka, K."]
[Result "1-0"]
[WhiteElo "2239"]
[BlackElo "2048"]
[EventDate "2016.08.08"]
[PlyCount "89"]

1.e4 d5 2.exd5 Qxd5 3.Nc3 Qa5 4.Nf3 Nf6 5.g3 c6 6.Bg2 Bg4 7.h3 Bxf3 8.Qxf3
e6 9.O-O Be7 10.a3 O-O 11.Rb1 Nbd7 12.b4 Qc7 13.d3 Nd5 14.Nd1 Rfd8 15.c4 
N5f6 16.Qe2 a5 17.Nc3 axb4 18.axb4 Nb6 19.Qc2 h6 20.Rd1 Nc8 21.Be3 Bf8 22.
b5 c5 23.b6 Qd7 24.d4 cxd4 25.Rxd4 Qe7 26.Rxd8 Qxd8 27.Bxb7 Rb8 28.Bxc8 
Qxc8 29.Qa4 Nd7 30.Qb5 Rb7 31.Na4 Be7 32.Rc1 Nb8 33.Bf4 Nc6 34.Rd1 e5 35.
Be3 Nd8 36.c5 Nc6 37.Kh2 Bf8 38.Nb2 Na7 39.Qd3 Nc6 40.Nc4 Nb4 41.Qe4 Nc6 
42.Nxe5 Nxe5 43.Qxe5 Qc6 44.Rd8 Rd7 45.Qe8 1-0

[Event "34th WCh U20 Girls"]
[Site "Bhubaneswar IND"]
[Date "2016.08.17"]
[Round "9.10"]
[White "Alinasab, Mobina"]
[Black "Mendoza, Shania Mae"]
[Result "1-0"]
[WhiteElo "2199"]
[BlackElo "2191"]
[EventDate "2016.08.08"]
[PlyCount "139"]

1.e4 e5 2.Nf3 Nc6 3.Bb5 a6 4.Ba4 Nf6 5.O-O Be7 6.Re1 b5 7.Bb3 O-O 8.d3 d6 
9.c3 Bg4 10.Nbd2 Na5 11.Bc2 c5 12.h3 Bd7 13.Nf1 Qc7 14.Bg5 h6 15.Bd2 Rfe8 
16.g4 Bf8 17.Ng3 g6 18.Kh2 Bg7 19.Rg1 Nc6 20.g5 hxg5 21.Nxg5 Nd8 22.Qf3 
Ne6 23.Nxe6 Bxe6 24.Nf5 d5 25.Nxg7 Kxg7 26.Bh6+ Kxh6 27.Qxf6 d4 28.Rg5 Qd8
29.Qxd8 Raxd8 30.Rxe5 c4 31.dxc4 dxc3 32.bxc3 Rd2 33.Bb3 f6 34.Rxe6 Rxe6 
35.cxb5 Rb6 36.bxa6 Rxa6 37.Kg2 Kg5 38.Re1 Kf4 39.Re3 g5 40.Bd5 g4 41.hxg4
Kxg4 42.Rg3+ Kf4 43.Rf3+ Kg5 44.Rg3+ Kf4 45.Rf3+ Kg5 46.Bb3 Rad6 47.Rf5+ 
Kg6 48.Rd5 R2xd5 49.exd5 Kf7 50.c4 Ke7 51.c5 Ra6 52.Kf3 Ra5 53.c6 Kd6 54.
Ke4 Rb5 55.Bc4 Rb2 56.f4 Rb8 57.Kd4 Ra8 58.Kd3 Kc5 59.Bb3 f5 60.a4 Ra7 61.
Bc4 Rxa4 62.c7 Ra3+ 63.Ke2 Ra8 64.Ba6 Re8+ 65.Kf3 Kxd5 66.c8=Q Rxc8 67.
Bxc8 Kd6 68.Bxf5 Ke7 69.Ke4 Kf6 70.Bc8 1-0

[Event "34th WCh U20 Girls"]
[Site "Bhubaneswar IND"]
[Date "2016.08.17"]
[Round "9.11"]
[White "Parnali, S. Dharia"]
[Black "Soyunlu, Narmin"]
[Result "1-0"]
[WhiteElo "2203"]
[BlackElo "2074"]
[EventDate "2016.08.08"]
[PlyCount "118"]

1.d4 e6 2.c4 Nf6 3.g3 d5 4.Nf3 g6 5.Bg2 Bg7 6.O-O O-O 7.Qc2 Na6 8.Nc3 b6 
9.e4 dxe4 10.Nxe4 Bb7 11.Nxf6+ Bxf6 12.Bh6 Re8 13.Rad1 Qc8 14.Qd2 Bg7 15.
Qf4 Nb8 16.h4 f6 17.Rfe1 Nd7 18.Bxg7 Kxg7 19.Bh3 Bxf3 20.Qxf3 f5 21.Qc6 
Nf6 22.Bg2 Rb8 23.Rd3 Qd7 24.Rde3 Kf7 25.Qxd7+ Nxd7 26.Bc6 Rbd8 27.d5 exd5
28.Bxd5+ Kf8 29.Re6 c5 30.h5 Rxe6 31.Rxe6 g5 32.Rh6 Kg7 33.Rd6 Kf8 34.Kg2 
Ke7 35.Re6+ Kf8 36.Rh6 Kg7 37.Rd6 Kf8 38.Kh3 Ke7 39.Re6+ Kf8 40.Rh6 Kg7 
41.Rd6 Kf8 42.f4 gxf4 43.gxf4 b5 44.cxb5 Ke7 45.Re6+ Kf8 46.Rd6 Ke7 47.Ra6
Nb6 48.Rxa7+ Kd6 49.Bc6 c4 50.a4 Kc5 51.a5 Rd3+ 52.Kh4 Nd5 53.Bxd5 Kxd5 
54.b6 Rb3 55.Rxh7 Rxb2 56.b7 Kc6 57.a6 c3 58.a7 c2 59.b8=Q Kd5 1-0

[Event "34th WCh U20 Girls"]
[Site "Bhubaneswar IND"]
[Date "2016.08.17"]
[Round "9.12"]
[White "Stiazhkina, Anna"]
[Black "Chitlange, Sakshi"]
[Result "1-0"]
[WhiteElo "2315"]
[BlackElo "2014"]
[EventDate "2016.08.08"]
[PlyCount "53"]

1.e4 e6 2.d4 d5 3.Nd2 Nf6 4.e5 Nfd7 5.c3 b6 6.f4 Ba6 7.Bxa6 Nxa6 8.Qa4 Nb8
9.Ndf3 Qc8 10.Ne2 Qa6 11.Qc2 g6 12.O-O c5 13.Be3 Nc6 14.a4 Rc8 15.Rac1 Na5
16.Ng3 Be7 17.h3 c4 18.Rce1 Nb3 19.Ng5 Rc7 20.f5 gxf5 21.Nxf5 exf5 22.Qxf5
Bxg5 23.Bxg5 O-O 24.Bf6 Nxf6 25.Qg5+ Kh8 26.exf6 Rg8 27.Qxg8+ 1-0